Hospodářské dějiny 18

Gespeichert in:
Bibliographische Detailangaben
Format: Buch
Sprache:Tschechisch
Veröffentlicht: Praha Historický ústav ČSAV 1990
Ausgabe:1. vyd.
Tags: Tag hinzufügen
Keine Tags, Fügen Sie das erste Tag hinzu!

MARC

LEADER 00000nam a2200000 4500
001 c040468
005 20250515090249.5
041 0 |a cze 
044 |a CZ 
245 1 0 |a Hospodářské dějiny 18  |c Red. František Dudek 
250 |a 1. vyd. 
264 1 |a Praha  |b Historický ústav ČSAV  |c 1990 
300 |a 336 s.